[Event "Buenos Aires CC Argentino op1"]
[Site "Buenos Aires"]
[Date "2014.07.07"]
[Round "2"]
[White "Quenallata, Luciano"]
[Black "Sammartino, Gabriel"]
[Result "1-0"]
[WhiteElo "2161"]
[BlackElo "1881"]
[PlyCount "97"]
[EventDate "2014.07.02"]
[EventType "swiss"]
[EventRounds "9"]
[EventCountry "ARG"]
[SourceTitle "EXT 2016"]
[Source "ChessBase"]
[SourceDate "2015.10.08"]
[SourceVersion "1"]
[SourceVersionDate "2015.10.08"]
[SourceQuality "1"]

1. d4 e6 2. Nf3 Nf6 3. g3 b6 4. Bg2 Bb7 5. c4 Bb4+ 6. Bd2 Bxd2+ 7. Nbxd2 d6 8. 0-0 0-0 9. Qc2 Nbd7 10. e4 e5 11. d5 a5 12. b3 Re8 13. Ne1 Bc8 14. a3 Nf8 15. Nd3 Ng6 16. b4 Bg4 17. f3 Bd7 18. c5 Bb5 19. Nc4 Bxc4 20. Qxc4 axb4 21. axb4 bxc5 22. bxc5 Nd7 23. Bh3 Nf6 24. Nb4 Ne7 25. Na6 c6 26. dxc6 Nxc6 27. Rfd1 Nd4 28. c6 Qb6 29. Kh1 Nxc6 30. Rdb1 Na5 31. Qxf7+ Kxf7 32. Rxb6 Nc4 33. Rc6 Nd2 34. Kg2 Nb3 35. Rd1 Nd4 36. Rxd6 Re7 37. Rb1 Raa7 38. Rdb6 Ne8 39. R1b2 Nc7 40. Nb4 Ra3 41. Rf2 Re3 42. f4 Re2 43. fxe5+ Rxf2+ 44. Kxf2 Rxe5 45. Rb7 Re7 46. Bf1 Kf6 47. Rxc7 Rxc7 48. Nd5+ Ke5 49. Nxc7 1-0

[Event "Buenos Aires CC Argentino op"]
[Site "Buenos Aires"]
[Date "2014.04.24"]
[Round "1"]
[White "Sammartino, Gabriel"]
[Black "Poppi, Mario"]
[Result "1-0"]
[WhiteElo "1884"]
[BlackElo "1349"]
[PlyCount "47"]
[EventDate "2014.04.24"]
[EventType "swiss"]
[EventRounds "9"]
[EventCountry "ARG"]
[SourceTitle "EXT 2016"]
[Source "ChessBase"]
[SourceDate "2015.10.08"]
[SourceVersion "1"]
[SourceVersionDate "2015.10.08"]
[SourceQuality "1"]

1. Nf3 b6 2. g3 Bb7 3. Bg2 Nc6 4. 0-0 e6 5. d4 Be7 6. c4 Nf6 7. Nc3 0-0 8. e4 a5 9. e5 Ne8 10. d5 exd5 11. cxd5 Nb4 12. a3 Na6 13. h4 Nc5 14. Nd4 d6 15. exd6 Nxd6 16. Bf4 Ba6 17. Re1 Nd3 18. Nc6 Qd7 19. Rxe7 Qxe7 20. Nxe7+ Kh8 21. Bxd6 cxd6 22. b4 Rae8 23. b5 Bb7 24. Qxd3 1-0

[Event "Paraguay Gran Prix U2300 08"]
[Site "Paraguay"]
[Date "2013.08.22"]
[Round "6.3"]
[White "Benedetti, Julio"]
[Black "Sammartino, Gabriel"]
[Result "1-0"]
[WhiteElo "2215"]
[BlackElo "1938"]
[PlyCount "79"]
[EventDate "2013.08.07"]
[EventType "swiss"]
[EventRounds "9"]
[EventCountry "ARG"]
[SourceTitle "EXT 2024"]
[Source "ChessBase"]
[SourceDate "2023.10.10"]
[SourceVersion "1"]
[SourceVersionDate "2023.10.10"]
[SourceQuality "1"]

1. e4 e6 2. d4 d5 3. Nc3 Bb4 4. e5 c5 5. Bd2 a6 6. a3 Bxc3 7. Bxc3 cxd4 8. Bxd4 Nc6 9. f4 Nxd4 10. Qxd4 Ne7 11. Bd3 Bd7 12. Nf3 Bb5 13. Bxb5+ axb5 14. Qc5 0-0 15. Qxb5 Qc7 16. Nd4 Ra5 17. Qd3 Rc5 18. 0-0 Qb6 19. Qb3 Qa7 20. Kh1 Rc4 21. c3 Nc6 22. Nxc6 bxc6 23. Qc2 Rb8 24. f5 exf5 25. Qxf5 Qe7 26. Rae1 h6 27. Re2 d4 28. Qd3 Qc5 29. Rf4 Rd8 30. h3 Qd5 31. cxd4 c5 32. b3 Rc1+ 33. Kh2 c4 34. bxc4 Rxc4 35. Ree4 Rdc8 36. Qf3 Rd8 37. Qg3 Rdc8 38. Rg4 g6 39. Rxg6+ Kh7 40. Rxh6+ 1-0

[Event "Buenos Aires Duchamp op 1st"]
[Site "Buenos Aires"]
[Date "2011.09.20"]
[Round "7"]
[White "Bassan, Renzo"]
[Black "Sammartino, Gabriel"]
[Result "0-1"]
[WhiteElo "1677"]
[BlackElo "1908"]
[PlyCount "78"]
[EventDate "2011.09.12"]
[EventType "swiss"]
[EventRounds "9"]
[EventCountry "ARG"]
[SourceTitle "EXT 2014"]
[Source "ChessBase"]
[SourceDate "2013.11.20"]
[SourceVersion "1"]
[SourceVersionDate "2013.11.20"]
[SourceQuality "1"]

1. e4 d6 2. Nf3 e5 3. d4 Nf6 4. Nc3 Nbd7 5. dxe5 dxe5 6. Bc4 Be7 7. 0-0 0-0 8. Re1 c6 9. Bg5 Qc7 10. Ne2 Nc5 11. Ng3 Bg4 12. h3 Rad8 13. Qe2 Bc8 14. Rad1 Ne6 15. Bh4 Nf4 16. Qe3 b6 17. Qc3 Ng6 18. Bg5 h6 19. Nh4 Nxh4 20. Bxh4 Rxd1 21. Rxd1 Nxe4 22. Nxe4 Bxh4 23. Bb5 Bb7 24. Be2 Be7 25. Ng3 Rd8 26. Re1 c5 27. Bc4 Qc6 28. f3 b5 29. Bd3 c4 30. Be4 Qc5+ 31. Kh2 Bxe4 32. Nxe4 Qd4 33. Qxd4 exd4 34. Rd1 f5 35. Ng3 Bd6 36. h4 g6 37. Kh3 Be5 38. Ne2 Kf7 39. f4 Bf6 0-1

[Event "Buenos Aires Duchamp op 1st"]
[Site "Buenos Aires"]
[Date "2011.09.17"]
[Round "5"]
[White "Natan, Isaac"]
[Black "Sammartino, Gabriel"]
[Result "1/2-1/2"]
[WhiteElo "1655"]
[BlackElo "1908"]
[PlyCount "65"]
[EventDate "2011.09.12"]
[EventType "swiss"]
[EventRounds "9"]
[EventCountry "ARG"]
[SourceTitle "EXT 2014"]
[Source "ChessBase"]
[SourceDate "2013.11.20"]
[SourceVersion "1"]
[SourceVersionDate "2013.11.20"]
[SourceQuality "1"]

1. c4 c5 2. Nc3 Nc6 3. Nf3 g6 4. g3 Bg7 5. Bg2 e6 6. 0-0 Nge7 7. e3 0-0 8. d4 cxd4 9. exd4 d5 10. cxd5 Nxd5 11. a3 h6 12. Be3 Nxe3 13. fxe3 Ne7 14. Rc1 Nf5 15. Re1 a6 16. Qb3 Rb8 17. Ne2 b5 18. Nf4 Bb7 19. Kh1 Be4 20. Nd3 Qd6 21. Nc5 Bd5 22. Qd1 Ba8 23. b4 Rfd8 24. Nd3 Rbc8 25. Nfe5 Bxg2+ 26. Kxg2 Rxc1 27. Qxc1 Rf8 28. Qc5 Qb8 29. Nd7 Qa8+ 30. Kf2 Rc8 31. Qb6 Rc2+ 32. Re2 Rxe2+ 33. Kxe2 1/2-1/2

[Event "Buenos Aires Najdorf Centenary op"]
[Site "Buenos Aires"]
[Date "2010.04.08"]
[Round "2"]
[White "Sammartino, Gabriel"]
[Black "Elman, Cristian"]
[Result "1/2-1/2"]
[WhiteElo "1975"]
[BlackElo "2158"]
[PlyCount "30"]
[EventDate "2010.04.04"]
[EventType "swiss"]
[EventRounds "9"]
[EventCountry "ARG"]
[SourceTitle "CBM 136 Extra"]
[Source "ChessBase"]
[SourceDate "2010.07.02"]
[SourceVersion "2"]
[SourceVersionDate "2010.07.15"]
[SourceQuality "1"]

1. Nf3 c5 2. c4 Nf6 3. Nc3 d5 4. cxd5 Nxd5 5. e4 Nxc3 6. dxc3 Qxd1+ 7. Kxd1 Nc6 8. Be3 e6 9. Kc2 Bd7 10. Rd1 f6 11. Be2 Be7 12. Rd2 0-0-0 13. Rhd1 Kc7 14. Bf4+ e5 15. Be3 Be6 1/2-1/2

[Event "Buenos Aires Benko Memorial op"]
[Site "Buenos Aires"]
[Date "2010.02.08"]
[Round "1"]
[White "Garcia, Raimundo"]
[Black "Sammartino, Gabriel"]
[Result "1-0"]
[WhiteElo "2348"]
[BlackElo "1958"]
[PlyCount "55"]
[EventDate "2010.02.08"]
[EventType "swiss"]
[EventRounds "9"]
[EventCountry "ARG"]
[SourceTitle "CBM 135 Extra"]
[Source "ChessBase"]
[SourceDate "2010.05.04"]
[SourceVersion "1"]
[SourceVersionDate "2010.05.04"]
[SourceQuality "1"]

1. d4 e6 2. Nf3 Nf6 3. c4 b6 4. Nc3 Bb4 5. Qb3 c5 6. a3 Bxc3+ 7. Qxc3 Bb7 8. Bg5 d6 9. dxc5 bxc5 10. Rd1 Qe7 11. Bxf6 gxf6 12. Qd2 Nc6 13. Qxd6 Qxd6 14. Rxd6 Ke7 15. Rd2 Na5 16. e3 Rhg8 17. b4 cxb4 18. axb4 Nc6 19. b5 Na5 20. Rb2 Rgc8 21. Nd2 a6 22. b6 Rc5 23. f3 f5 24. Be2 Rg8 25. Kf2 h5 26. Ra1 Nc6 27. Nb3 Re5 28. f4 1-0